[Event "DEM U10 2024"]
[Site "Willingen GER"]
[Date "2024.05.19"]
[Round "2"]
[White "Zielke, Mika"]
[Black "Sutharjan, Dakxwin"]
[Result "0-1"]
[Termination "normal"]
[Board "4"]
[WhiteElo "1589"]
[BlackElo "1769"]
[WhiteClock "00:28:55"]
[BlackClock "01:14:24"]
[PlyCount "90"]
[WhiteFideId "34661816"]
[BlackFideId "34606548"]
[EventCountry "GER"]
[EventRounds "11"]
[EventType "swiss"]
[EventDate "2024.05.18"]

1. e4 {[%clk 01:15:52]} {[%emt 00:00:08]} d5 {[%clk 01:15:51]} {[%emt
00:00:10]} 2. exd5 {[%clk 01:16:05]} {[%emt 00:00:16]} Nf6 {[%clk 01:16:13]}
{[%emt 00:00:09]} 3. Nf3 {[%clk 01:15:38]} {[%emt 00:00:55]} Nxd5 {[%clk
01:16:28]} {[%emt 00:00:16]} 4. d4 {[%clk 01:15:28]} {[%emt 00:00:40]} g6
{[%clk 01:16:40]} {[%emt 00:00:18]} 5. c4 {[%clk 01:14:54]} {[%emt 00:01:05]}
Nb6 {[%clk 01:17:04]} {[%emt 00:00:06]} 6. Nc3 {[%clk 01:14:24]} {[%emt
00:00:59]} Bg7 {[%clk 01:17:24]} {[%emt 00:00:11]} 7. c5 {[%clk 01:14:07]}
{[%emt 00:00:46]} Nd5 {[%clk 01:17:45]} {[%emt 00:00:09]} 8. Bc4 {[%clk
01:13:37]} {[%emt 00:00:59]} Nxc3 {[%clk 01:18:02]} {[%emt 00:00:15]} 9. bxc3
{[%clk 01:13:56]} {[%emt 00:00:10]} O-O {[%clk 01:18:11]} {[%emt 00:00:22]} 10.
O-O {[%clk 01:13:07]} {[%emt 00:01:18]} Nc6 {[%clk 01:18:22]} {[%emt 00:00:20]}
11. Re1 {[%clk 01:11:40]} {[%emt 00:01:55]} Bg4 {[%clk 01:18:45]} {[%emt
00:00:08]} 12. h3 {[%clk 01:10:31]} {[%emt 00:01:38]} Bxf3 {[%clk 01:19:08]}
{[%emt 00:00:08]} 13. Qxf3 {[%clk 01:10:02]} {[%emt 00:00:59]} Nxd4 {[%clk
01:19:33]} {[%emt 00:00:06]} 14. cxd4 {[%clk 01:06:23]} {[%emt 00:04:09]} Qxd4
{[%clk 01:19:56]} {[%emt 00:00:06]} 15. Bg5 {[%clk 01:05:34]} {[%emt 00:01:18]}
Qxc4 {[%clk 01:19:21]} {[%emt 00:01:07]} 16. Rac1 {[%clk 01:00:27]} {[%emt
00:05:33]} Qxa2 {[%clk 01:18:05]} {[%emt 00:01:50]} 17. Bxe7 {[%clk 00:56:35]}
{[%emt 00:04:21]} Rfe8 {[%clk 01:17:08]} {[%emt 00:01:28]} 18. Qxb7 {[%emt
00:10:57]} Bd4 {[%clk 01:09:33]} {[%emt 00:02:59]} 19. Bh4 {[%clk 00:47:24]}
{[%emt 00:04:18]} Qa5 {[%clk 01:08:28]} {[%emt 00:01:36]} 20. Rxe8+ {[%clk
00:29:50]} {[%emt 00:18:04]} Rxe8 {[%clk 01:08:48]} {[%emt 00:00:11]} 21. Qc6
{[%clk 00:29:35]} {[%emt 00:00:43]} Re1+ {[%clk 01:07:47]} {[%emt 00:01:32]}
22. Rxe1 {[%clk 00:29:04]} {[%emt 00:01:01]} Qxe1+ {[%clk 01:08:12]} {[%emt
00:00:06]} 23. Kh2 {[%clk 00:29:22]} {[%emt 00:00:11]} Qe5+ {[%clk 01:07:47]}
{[%emt 00:00:55]} 24. Bg3 {[%clk 00:28:00]} {[%emt 00:01:50]} Qxc5 {[%clk
01:07:48]} {[%emt 00:00:31]} 25. Qxc5 {[%clk 00:26:22]} {[%emt 00:02:08]} Bxc5
{[%clk 01:08:13]} {[%emt 00:00:06]} 26. f3 {[%clk 00:26:21]} {[%emt 00:00:29]}
Bd6 {[%clk 01:08:35]} {[%emt 00:00:09]} 27. f4 {[%clk 00:25:55]} {[%emt
00:00:56]} g5 {[%clk 01:08:54]} {[%emt 00:00:12]} 28. Bf2 {[%clk 00:26:03]}
{[%emt 00:00:21]} a5 {[%clk 01:08:47]} {[%emt 00:00:38]} 29. Be1 {[%clk
00:25:16]} {[%emt 00:01:15]} a4 {[%clk 01:09:03]} {[%emt 00:00:16]} 30. g3
{[%clk 00:24:54]} {[%emt 00:00:51]} gxf4 {[%clk 01:09:20]} {[%emt 00:00:13]}
31. gxf4 {[%clk 00:25:03]} {[%emt 00:00:21]} Bxf4+ {[%clk 01:09:40]} {[%emt
00:00:10]} 32. Kg2 {[%clk 00:25:27]} {[%emt 00:00:06]} a3 {[%clk 01:09:54]}
{[%emt 00:00:17]} 33. Bc3 {[%clk 00:25:23]} {[%emt 00:00:33]} Bc1 {[%clk
01:10:17]} {[%emt 00:00:07]} 34. Kf2 {[%clk 00:25:35]} {[%emt 00:00:18]} Bb2
{[%clk 01:10:37]} {[%emt 00:00:10]} 35. Ke2 {[%clk 00:25:47]} {[%emt 00:00:17]}
Bxc3 {[%clk 01:10:58]} {[%emt 00:00:10]} 36. Kd3 {[%clk 00:26:10]} {[%emt
00:00:07]} a2 {[%clk 01:11:24]} {[%emt 00:00:04]} 37. Kxc3 {[%clk 00:26:32]}
{[%emt 00:00:07]} a1=Q+ {[%clk 01:11:47]} {[%emt 00:00:08]} 38. Kc4 {[%clk
00:26:54]} {[%emt 00:00:08]} Qa5 {[%clk 01:12:09]} {[%emt 00:00:08]} 39. h4
{[%clk 00:27:17]} {[%emt 00:00:07]} h5 {[%clk 01:12:34]} {[%emt 00:00:05]} 40.
Kd4 {[%clk 00:27:42]} {[%emt 00:00:06]} Qb5 {[%clk 01:13:00]} {[%emt 00:00:04]}
41. Ke4 {[%clk 00:28:06]} {[%emt 00:00:05]} Qc5 {[%clk 01:13:24]} {[%emt
00:00:05]} 42. Kf4 {[%clk 00:28:05]} {[%emt 00:00:31]} Qd4+ {[%clk 01:13:40]}
{[%emt 00:00:15]} 43. Kg5 {[%clk 00:28:15]} {[%emt 00:00:19]} Qe5+ {[%clk
01:13:58]} {[%emt 00:00:13]} 44. Kh6 {[%clk 00:28:34]} {[%emt 00:00:12]} Qf6+
{[%clk 01:14:24]} {[%emt 00:00:03]} 45. Kxh5 {[%clk 00:28:55]} {[%emt
00:00:09]} Qg6# {[%emt 00:00:02]} 0-1

[Event "DEM U10 2024"]
[Site "Willingen GER"]
[Date "2024.05.19"]
[Round "2"]
[White "Chakhalov, Mikael"]
[Black "Sander, Tino"]
[Result "1-0"]
[Termination "normal"]
[Board "5"]
[WhiteElo "1747"]
[BlackElo "1724"]
[WhiteClock "00:25:10"]
[BlackClock "00:25:04"]
[PlyCount "65"]
[WhiteFideId "34644458"]
[BlackFideId "34636110"]
[EventCountry "GER"]
[EventRounds "11"]
[EventType "swiss"]
[EventDate "2024.05.18"]

1. c4 {[%clk 01:15:56]} {[%emt 00:00:03]} e5 {[%emt 00:00:13]} 2. Nc3 {[%clk
01:16:17]} {[%emt 00:00:07]} Nf6 {[%clk 01:16:13]} {[%emt 00:00:07]} 3. g3
{[%clk 01:16:38]} {[%emt 00:00:10]} Nc6 {[%clk 01:16:03]} {[%emt 00:00:40]} 4.
Bg2 {[%clk 01:17:01]} {[%emt 00:00:06]} Be7 {[%clk 01:15:43]} {[%emt 00:00:50]}
5. d3 {[%clk 01:17:10]} {[%emt 00:00:22]} O-O {[%clk 01:15:49]} {[%emt
00:00:24]} 6. e4 {[%clk 01:17:26]} {[%emt 00:00:14]} d6 {[%clk 01:15:17]}
{[%emt 00:01:02]} 7. Nge2 {[%clk 01:17:46]} {[%emt 00:00:08]} Be6 {[%clk
01:13:17]} {[%emt 00:02:31]} 8. O-O {[%clk 01:17:59]} {[%emt 00:00:17]} Qd7
{[%clk 01:09:35]} {[%emt 00:04:12]} 9. f4 {[%emt 00:02:10]} Bh3 {[%clk
01:09:21]} {[%emt 00:00:31]} 10. f5 {[%clk 01:14:04]} {[%emt 00:02:59]} Bxg2
{[%clk 01:09:29]} {[%emt 00:00:22]} 11. Kxg2 {[%clk 01:14:32]} {[%emt
00:00:02]} h6 {[%clk 01:01:16]} {[%emt 00:08:43]} 12. h3 {[%clk 01:14:02]}
{[%emt 00:01:00]} Nd8 {[%clk 00:56:27]} {[%emt 00:05:19]} 13. g4 {[%clk
01:11:28]} {[%emt 00:03:03]} c6 {[%clk 00:56:17]} {[%emt 00:00:40]} 14. d4
{[%clk 01:03:23]} {[%emt 00:08:35]} c5 {[%clk 00:52:06]} {[%emt 00:04:41]} 15.
dxe5 {[%clk 01:00:48]} {[%emt 00:03:05]} dxe5 {[%clk 00:52:16]} {[%emt
00:00:20]} 16. Qxd7 {[%clk 01:00:01]} {[%emt 00:01:18]} Nxd7 {[%clk 00:52:40]}
{[%emt 00:00:06]} 17. Nd5 {[%clk 01:00:20]} {[%emt 00:00:11]} Bg5 {[%clk
00:52:42]} {[%emt 00:00:28]} 18. Bxg5 {[%clk 01:00:28]} {[%emt 00:00:22]} hxg5
{[%clk 00:53:04]} {[%emt 00:00:08]} 19. f6 {[%clk 01:00:27]} {[%emt 00:00:31]}
gxf6 {[%clk 00:52:33]} {[%emt 00:01:00]} 20. Nxf6+ {[%clk 01:00:06]} {[%emt
00:00:51]} Nxf6 {[%clk 00:52:49]} {[%emt 00:00:14]} 21. Rxf6 {[%clk 01:00:23]}
{[%emt 00:00:13]} Ne6 {[%clk 00:52:16]} {[%emt 00:01:03]} 22. Rd1 {[%clk
00:40:29]} {[%emt 00:20:24]} Rad8 {[%clk 00:50:16]} {[%emt 00:02:30]} 23. Rd5
{[%clk 00:40:31]} {[%emt 00:00:28]} Kg7 {[%clk 00:49:35]} {[%emt 00:01:11]} 24.
Rf5 {[%clk 00:37:48]} {[%emt 00:03:14]} f6 {[%clk 00:49:42]} {[%emt 00:00:22]}
25. Kh2 {[%clk 00:36:54]} {[%emt 00:01:24]} Nd4 {[%clk 00:47:45]} {[%emt
00:02:28]} 26. Rf2 {[%clk 00:32:51]} {[%emt 00:04:29]} b6 {[%clk 00:46:54]}
{[%emt 00:01:25]} 27. Ng3 {[%clk 00:32:57]} {[%emt 00:00:20]} Rh8 {[%clk
00:34:49]} {[%emt 00:12:39]} 28. Nh5+ {[%clk 00:32:42]} {[%emt 00:00:45]} Kf7
{[%clk 00:27:57]} {[%emt 00:07:21]} 29. Rxf6+ {[%clk 00:33:02]} {[%emt
00:00:10]} Ke7 {[%clk 00:28:21]} {[%emt 00:00:06]} 30. Rxe5+ {[%clk 00:32:35]}
{[%emt 00:00:58]} Kd7 {[%clk 00:28:07]} {[%emt 00:00:42]} 31. Rf7+ {[%clk
00:25:39]} {[%emt 00:07:23]} Kd6 {[%clk 00:25:50]} {[%emt 00:02:52]} 32. Ree7
{[%clk 00:24:53]} {[%emt 00:01:16]} Rc8 {[%clk 00:25:04]} {[%emt 00:01:15]} 33.
e5+ {[%clk 00:25:10]} {[%emt 00:00:14]} 1-0

[Event "DEM U10 2024"]
[Site "Willingen GER"]
[Date "2024.05.19"]
[Round "2"]
[White "Al Luwaisi, Omer"]
[Black "Aguike, Toshiya"]
[Result "0-1"]
[Termination "normal"]
[Board "6"]
[WhiteElo "1660"]
[BlackElo "1786"]
[WhiteClock "00:11:00"]
[BlackClock "00:37:37"]
[PlyCount "66"]
[WhiteFideId "34645888"]
[BlackFideId "34611347"]
[EventCountry "GER"]
[EventRounds "11"]
[EventType "swiss"]
[EventDate "2024.05.18"]

1. e4 {[%clk 01:15:59]} {[%emt 00:00:01]} e5 {[%clk 01:15:54]} {[%emt
00:00:06]} 2. Nf3 {[%clk 01:16:26]} {[%emt 00:00:03]} Nc6 {[%clk 01:16:14]}
{[%emt 00:00:10]} 3. Bc4 {[%clk 01:16:52]} {[%emt 00:00:04]} Bc5 {[%clk
01:16:39]} {[%emt 00:00:05]} 4. c3 {[%clk 01:17:15]} {[%emt 00:00:06]} Nf6
{[%clk 01:17:03]} {[%emt 00:00:06]} 5. d4 {[%clk 01:17:41]} {[%emt 00:00:05]}
exd4 {[%clk 01:17:29]} {[%emt 00:00:04]} 6. cxd4 {[%clk 01:18:02]} {[%emt
00:00:09]} Bb4+ {[%clk 01:17:52]} {[%emt 00:00:08]} 7. Nc3 {[%clk 01:18:25]}
{[%emt 00:00:07]} Nxe4 {[%clk 01:17:07]} {[%emt 00:01:14]} 8. O-O {[%clk
01:18:47]} {[%emt 00:00:08]} Bxc3 {[%clk 01:17:24]} {[%emt 00:00:13]} 9. bxc3
{[%clk 01:19:08]} {[%emt 00:00:09]} d5 {[%clk 01:17:06]} {[%emt 00:00:47]} 10.
Bd3 {[%clk 01:19:27]} {[%emt 00:00:11]} Bf5 {[%clk 01:16:37]} {[%emt 00:00:59]}
11. Re1 {[%clk 01:13:03]} {[%emt 00:06:54]} O-O {[%clk 01:16:27]} {[%emt
00:00:40]} 12. Qc2 {[%clk 01:12:16]} {[%emt 00:01:18]} h6 {[%clk 01:16:28]}
{[%emt 00:00:29]} 13. Ba3 {[%clk 01:12:07]} {[%emt 00:00:39]} Re8 {[%clk
01:16:18]} {[%emt 00:00:40]} 14. Rab1 {[%clk 01:12:15]} {[%emt 00:00:22]} b6
{[%clk 01:07:37]} {[%emt 00:09:11]} 15. c4 {[%clk 00:59:21]} {[%emt 00:13:24]}
Na5 {[%clk 01:02:45]} {[%emt 00:05:21]} 16. cxd5 {[%clk 00:55:17]} {[%emt
00:04:35]} Qxd5 {[%clk 01:00:15]} {[%emt 00:03:00]} 17. Rb5 {[%clk 00:54:38]}
{[%emt 00:01:09]} c5 {[%clk 00:59:18]} {[%emt 00:01:26]} 18. Bxc5 {[%clk
00:46:27]} {[%emt 00:08:42]} Ng5 {[%clk 00:50:51]} {[%emt 00:08:57]} 19. Rxe8+
{[%clk 00:37:57]} {[%emt 00:09:00]} Rxe8 {[%clk 00:51:18]} {[%emt 00:00:03]}
20. Bxf5 {[%clk 00:38:18]} {[%emt 00:00:09]} Nxf3+ {[%clk 00:51:32]} {[%emt
00:00:15]} 21. gxf3 {[%clk 00:38:42]} {[%emt 00:00:07]} Qxf3 {[%clk 00:51:26]}
{[%emt 00:00:36]} 22. Bb4 {[%clk 00:34:14]} {[%emt 00:04:57]} g6 {[%clk
00:48:38]} {[%emt 00:03:18]} 23. Qd3 {[%clk 00:32:01]} {[%emt 00:02:44]} Qc6
{[%clk 00:44:28]} {[%emt 00:04:39]} 24. d5 {[%clk 00:27:45]} {[%emt 00:04:48]}
Qc1+ {[%clk 00:43:22]} {[%emt 00:01:35]} 25. Qf1 {[%clk 00:25:54]} {[%emt
00:02:19]} Qg5+ {[%clk 00:43:19]} {[%emt 00:00:32]} 26. Kh1 {[%clk 00:25:11]}
{[%emt 00:01:14]} Qxf5 {[%clk 00:43:26]} {[%emt 00:00:24]} 27. d6 {[%clk
00:21:51]} {[%emt 00:03:48]} Qf3+ {[%clk 00:42:25]} {[%emt 00:01:33]} 28. Kg1
{[%clk 00:22:05]} {[%emt 00:00:17]} Nc6 {[%clk 00:36:10]} {[%emt 00:06:44]} 29.
Qg2 {[%clk 00:13:06]} {[%emt 00:09:28]} Qd1+ {[%clk 00:36:29]} {[%emt
00:00:13]} 30. Qf1 {[%clk 00:13:30]} {[%emt 00:00:06]} Qg4+ {[%clk 00:36:46]}
{[%emt 00:00:13]} 31. Qg2 {[%clk 00:13:50]} {[%emt 00:00:10]} Qxb4 {[%clk
00:36:51]} {[%emt 00:00:25]} 32. Qxc6 {[%clk 00:10:37]} {[%emt 00:03:42]} Re1+
{[%clk 00:37:12]} {[%emt 00:00:09]} 33. Kg2 {[%clk 00:11:00]} {[%emt 00:00:08]}
Qg4# {[%clk 00:37:37]} {[%emt 00:00:03]} 0-1

[Event "DEM U10 2024"]
[Site "Willingen GER"]
[Date "2024.05.19"]
[Round "2"]
[White "Zargaran, Sepas"]
[Black "Kjulbassanoff, Kilian"]
[Result "1-0"]
[Termination "normal"]
[Board "7"]
[WhiteElo "1810"]
[BlackElo "1411"]
[WhiteClock "00:31:43"]
[BlackClock "00:35:39"]
[PlyCount "127"]
[WhiteFideId "34625275"]
[BlackFideId "533001804"]
[EventCountry "GER"]
[EventRounds "11"]
[EventType "swiss"]
[EventDate "2024.05.18"]

1. e4 {[%clk 01:15:57]} {[%emt 00:00:03]} e6 {[%clk 01:15:58]} {[%emt
00:00:03]} 2. d4 {[%clk 01:16:16]} {[%emt 00:00:11]} d5 {[%clk 01:16:20]}
{[%emt 00:00:08]} 3. Nd2 {[%clk 01:16:40]} {[%emt 00:00:05]} Nf6 {[%clk
01:16:37]} {[%emt 00:00:14]} 4. e5 {[%clk 01:17:04]} {[%emt 00:00:06]} Nfd7
{[%clk 01:16:57]} {[%emt 00:00:09]} 5. Bd3 {[%clk 01:17:25]} {[%emt 00:00:09]}
c5 {[%clk 01:17:18]} {[%emt 00:00:09]} 6. c3 {[%clk 01:17:46]} {[%emt
00:00:10]} b6 {[%clk 01:17:24]} {[%emt 00:00:24]} 7. Ne2 {[%clk 01:15:45]}
{[%emt 00:02:29]} Ba6 {[%clk 01:17:46]} {[%emt 00:00:10]} 8. Nf3 {[%clk
01:04:28]} {[%emt 00:11:46]} Bxd3 {[%clk 01:16:35]} {[%emt 00:01:41]} 9. Qxd3
{[%clk 01:04:52]} {[%emt 00:00:06]} Nc6 {[%clk 01:11:24]} {[%emt 00:05:41]} 10.
a3 {[%clk 00:58:01]} {[%emt 00:07:21]} c4 {[%clk 01:02:35]} {[%emt 00:09:18]}
11. Qc2 {[%clk 00:58:21]} {[%emt 00:00:11]} Na5 {[%clk 01:02:08]} {[%emt
00:00:58]} 12. Bg5 {[%clk 00:55:17]} {[%emt 00:03:26]} Be7 {[%clk 01:02:14]}
{[%emt 00:00:30]} 13. Bxe7 {[%clk 00:55:02]} {[%emt 00:00:45]} Qxe7 {[%clk
00:59:13]} {[%emt 00:03:32]} 14. O-O {[%clk 00:54:58]} {[%emt 00:00:34]} O-O
{[%clk 00:58:40]} {[%emt 00:01:04]} 15. Nd2 {[%clk 00:54:03]} {[%emt 00:01:23]}
f6 {[%clk 00:54:46]} {[%emt 00:04:25]} 16. f4 {[%clk 00:53:04]} {[%emt
00:01:28]} fxe5 {[%clk 00:54:44]} {[%emt 00:00:34]} 17. fxe5 {[%clk 00:53:28]}
{[%emt 00:00:05]} Qg5 {[%clk 00:53:42]} {[%emt 00:01:31]} 18. Nf3 {[%clk
00:53:04]} {[%emt 00:00:53]} Qf5 {[%clk 00:48:16]} {[%emt 00:05:58]} 19. Qxf5
{[%clk 00:52:43]} {[%emt 00:00:51]} Rxf5 {[%clk 00:47:53]} {[%emt 00:00:54]}
20. Ng3 {[%clk 00:53:03]} {[%emt 00:00:09]} Rf7 {[%clk 00:45:18]} {[%emt
00:03:04]} 21. Ng5 {[%clk 00:53:17]} {[%emt 00:00:15]} Rxf1+ {[%emt 00:00:34]}
22. Rxf1 {[%emt 00:00:24]} Nf8 {[%clk 00:44:41]} {[%emt 00:00:12]} 23. Ne2
{[%clk 00:51:45]} {[%emt 00:01:59]} h6 {[%clk 00:44:27]} {[%emt 00:00:46]} 24.
Nf3 {[%clk 00:48:59]} {[%emt 00:03:15]} Ng6 {[%clk 00:43:56]} {[%emt 00:01:02]}
25. h4 {[%clk 00:48:43]} {[%emt 00:00:46]} Rf8 {[%clk 00:42:44]} {[%emt
00:01:42]} 26. g3 {[%clk 00:47:50]} {[%emt 00:01:24]} Rf7 {[%clk 00:41:27]}
{[%emt 00:01:46]} 27. h5 {[%clk 00:46:57]} {[%emt 00:01:22]} Ne7 {[%clk
00:41:22]} {[%emt 00:00:35]} 28. Nf4 {[%clk 00:46:55]} {[%emt 00:00:30]} Nf5
{[%clk 00:41:01]} {[%emt 00:00:54]} 29. Kf2 {[%clk 00:45:01]} {[%emt 00:02:17]}
Nb3 {[%clk 00:39:31]} {[%emt 00:02:06]} 30. Rd1 {[%clk 00:37:27]} {[%emt
00:08:01]} Kf8 {[%clk 00:33:45]} {[%emt 00:06:20]} 31. Nxe6+ {[%clk 00:37:39]}
{[%emt 00:00:18]} Ke7 {[%clk 00:34:13]} {[%emt 00:00:01]} 32. Nf4 {[%clk
00:37:53]} {[%emt 00:00:16]} Kd8 {[%clk 00:34:17]} {[%emt 00:00:27]} 33. Nxd5
{[%clk 00:37:12]} {[%emt 00:01:10]} Kd7 {[%clk 00:34:17]} {[%emt 00:00:31]} 34.
Ne3 {[%clk 00:35:21]} {[%emt 00:02:13]} Ne7 {[%clk 00:33:27]} {[%emt 00:01:28]}
35. Nxc4 {[%clk 00:34:17]} {[%emt 00:01:33]} Nd5 {[%clk 00:33:16]} {[%emt
00:00:40]} 36. Ne3 {[%emt 00:00:26]} Nc7 {[%clk 00:33:14]} {[%emt 00:00:31]}
37. d5 {[%clk 00:33:57]} {[%emt 00:00:57]} Nc5 {[%clk 00:32:51]} {[%emt
00:00:53]} 38. e6+ {[%clk 00:33:59]} {[%emt 00:00:28]} N7xe6 {[%clk 00:33:15]}
{[%emt 00:00:06]} 39. dxe6+ {[%clk 00:33:49]} {[%emt 00:00:40]} Kxe6 {[%clk
00:33:41]} {[%emt 00:00:03]} 40. Kg2 {[%clk 00:32:58]} {[%emt 00:01:18]} Ne4
{[%clk 00:33:43]} {[%emt 00:00:30]} 41. Nd5 {[%clk 00:32:52]} {[%emt 00:00:32]}
Ng5 {[%clk 00:33:12]} {[%emt 00:01:06]} 42. Nf4+ {[%clk 00:32:52]} {[%emt
00:00:28]} Ke7 {[%clk 00:33:19]} {[%emt 00:00:25]} 43. Re1+ {[%clk 00:30:59]}
{[%emt 00:02:23]} Kd6 {[%clk 00:33:04]} {[%emt 00:00:44]} 44. Nxg5 {[%clk
00:30:59]} {[%emt 00:00:31]} hxg5 {[%clk 00:33:32]} {[%emt 00:00:02]} 45. Nd3
{[%clk 00:30:49]} {[%emt 00:00:40]} Rf5 {[%clk 00:33:35]} {[%emt 00:00:27]} 46.
Re4 {[%clk 00:28:22]} {[%emt 00:02:54]} Rd5 {[%clk 00:32:31]} {[%emt 00:01:37]}
47. Rd4 {[%clk 00:28:15]} {[%emt 00:00:38]} Rxd4 {[%clk 00:32:59]} {[%emt
00:00:02]} 48. cxd4 {[%clk 00:28:38]} {[%emt 00:00:07]} Kd5 {[%clk 00:33:25]}
{[%emt 00:00:04]} 49. Ne5 {[%clk 00:28:55]} {[%emt 00:00:13]} a6 {[%clk
00:33:29]} {[%emt 00:00:27]} 50. Nf3 {[%clk 00:28:29]} {[%emt 00:00:55]} a5
{[%clk 00:33:12]} {[%emt 00:00:47]} 51. Nxg5 {[%clk 00:28:44]} {[%emt
00:00:14]} Kxd4 {[%clk 00:33:22]} {[%emt 00:00:20]} 52. Ne6+ {[%clk 00:29:13]}
Kd3 {[%clk 00:33:43]} {[%emt 00:00:11]} 53. Nxg7 {[%clk 00:29:33]} {[%emt
00:00:10]} Kc2 {[%clk 00:34:11]} {[%emt 00:00:02]} 54. h6 {[%clk 00:29:34]}
{[%emt 00:00:29]} Kxb2 {[%clk 00:34:35]} {[%emt 00:00:06]} 55. h7 {[%clk
00:29:50]} {[%emt 00:00:03]} Kxa3 {[%clk 00:35:03]} {[%emt 00:00:13]} 56. h8=Q
{[%clk 00:30:13]} {[%emt 00:00:07]} b5 {[%clk 00:35:15]} {[%emt 00:00:17]} 57.
Qh1 {[%clk 00:30:39]} {[%emt 00:00:04]} Kb2 {[%clk 00:35:21]} {[%emt 00:00:24]}
58. Ne6 {[%clk 00:30:55]} {[%emt 00:00:13]} a4 {[%clk 00:35:34]} {[%emt
00:00:19]} 59. Nc5 {[%clk 00:30:25]} {[%emt 00:00:59]} a3 {[%clk 00:35:18]}
{[%emt 00:00:47]} 60. Qd1 {[%clk 00:30:29]} {[%emt 00:00:22]} a2 {[%clk
00:35:27]} {[%emt 00:00:25]} 61. Nb3 {[%clk 00:30:49]} {[%emt 00:00:10]} b4
{[%clk 00:35:20]} {[%emt 00:00:37]} 62. Na1 {[%clk 00:31:02]} {[%emt 00:00:14]}
b3 {[%clk 00:35:25]} {[%emt 00:00:28]} 63. g4 {[%clk 00:31:19]} {[%emt
00:00:11]} Ka3 {[%clk 00:35:39]} {[%emt 00:00:17]} 64. Qxb3# {[%clk 00:31:43]}
{[%emt 00:00:07]} 1-0